Aventuras do barão de Münchhausen (Registo nº 1917)
[ vista simples ]
| 000 -Etiqueta do registo | |
|---|---|
| Cabeçalho | 00885nam a22002891 4500 |
| 005 - Identificador da versão | |
| Campo de controlo | 20240813121919.0 |
| 095 ## - | |
| -- | PTBN00005570 |
| 021 ## - Número do Depósito Legal | |
| Código do país | PT |
| 100 ## - Dados gerais de processamento | |
| Dados gerais de processamento | 20070528d1978 am y0pory5003 ba |
| 102 ## - Pais de publicação ou produção | |
| País de publicação | Portugal |
| 101 1# - Língua de publicação | |
| Língua do texto, banda sonora, etc. | Português |
| Língua do documento no original | Alemão |
| 106 ## - Campo de dados codificados: material textual | |
| Dados codificados do material textual | r |
| 105 ## - Campo de dados codificados: livros | |
| Dados codificados dos livros | a z 001fy |
| 215 ## - Descrição física | |
| Indicação específica da natureza do documento e extensão da espécie | 150, [5] p. |
| Outras indicações físicas | il. |
| Dimensões | 21 cm |
| 200 1# - Titulo e menção de responsabilidade | |
| Título próprio | Aventuras do barão de Münchhausen |
| Primeira menção de responsabilidade | Gottfried August Buerger |
| 225 2# - Colecção | |
| Título próprio da colecção | Água azul |
| Indicação de volume | 1 |
| 210 ## - Publicação, Distribuição, etc. | |
| Lugar da edição, distribuição, etc. | Lisboa |
| Nome do editor, distribuidor, etc. | Vega |
| Data da publicação, distribuição, etc. | imp. 1978 |
| 304 ## - Notas relativas a título e menção de responsabilidade | |
| Texto da nota | Tít. orig.: Des Freiherrn von Muchhausen wunderbare Reisen und Abenteuer zu Wasser und zu Lande |
| 606 ## - Nome comum usado como assunto | |
| Número de registo de entrada de autoridade | 0000479 |
| Palavra de ordem | Literatura estrangeira juvenil |
| Subdivisão de assunto | Romance de aventuras |
| 675 ## - Classificação Decimal Universal (CDU) | |
| Notação | 82-311.3 |
| Edição | 2ª |
| Língua da edição | por |
| 700 #1 - Nome de autor-pessoa física (responsabilidade principal) | |
| Número de registo de entrada de autoridade | 0000511 |
| Palavra de ordem | Buerger |
| Outra parte do nome não tomada para palavra de ordem | Gottfried August |
| Datas | 1747-1794 |
| 942 ## - Elementos de entrada adicionados (Koha) | |
| Tipo de item no Koha | Livro |
| Situação do levantamento | Origin of item (home branch) (coded) | Biblioteca de empréstimo | Código de barras | Cota | Circulation type (not for loan) | Tipo de documento | Nota do exemplar | Damaged status |
|---|---|---|---|---|---|---|---|---|
| Biblioteca Escolar da Coca Maravilhas | Biblioteca Escolar da Coca Maravilhas | BECM2005/93 | 8EST BUE | Livro | Sem mensagem |
